000 00637cam a22002293a 4500
001 18921
003 PGUSA
005 20140828083413.0
008 060727s2006||||xxu|||||s|||||000 1 eng d
040 _aPGUSA
_beng
042 _adc
050 4 _aPQ
100 1 _aSue, Eugène,
_d1804-1857
245 1 0 _aLes mystères de Paris, Tome I
_h[electronic resource] /
_cEugène Sue
260 _bProject Gutenberg,
_c2006
506 _aPublic domain in the USA.
516 _aElectronic text
653 _aParis (France) -- Fiction
830 0 _aProject Gutenberg
_v18921
856 4 0 _uhttp://www.gutenberg.org/ebooks/18921
942 _cEB
999 _c248176
_d248176